Fluid mechanics / (Record no. 11895)

MARC details
000 -LEADER
fixed length control field 01299nam a2200325 i 4500
001 - CONTROL NUMBER
control field 2639829
003 - CONTROL NUMBER IDENTIFIER
control field EG-ScBUE
005 - DATE AND TIME OF LATEST TRANSACTION
control field 20250521085346.0
008 - FIXED-LENGTH DATA ELEMENTS--GENERAL INFORMATION
fixed length control field 840829t1963 nyua f b 001 0 eng d
040 ## - CATALOGING SOURCE
Original cataloging agency EG-ScBUE
Language of cataloging eng
Description conventions rda
Transcribing agency EG-ScBUE
Modifying agency EG-ScBUE
041 1# - LANGUAGE CODE
Language code of text/sound track or separate title eng
Language code of original and/or intermediate translations of text ger
082 04 - DEWEY DECIMAL CLASSIFICATION NUMBER
Classification number 532
Edition number 22
Item number KAU
100 1# - MAIN ENTRY--PERSONAL NAME
Personal name Kaufmann, Walther,
Dates associated with a name 1887-
9 (RLIN) 6449
Relator term author.
240 10 - UNIFORM TITLE
Uniform title <a href="Technische Hydro- und Aeromechanik.">Technische Hydro- und Aeromechanik.</a>
Language of a work English
245 10 - TITLE STATEMENT
Title Fluid mechanics /
Statement of responsibility, etc Dr. Walther kaufmann, professor emeritus of mechanics, Technical University, Munish ; translated by Ernest G. Chilton, Stanford Research Institute.
264 #1 - PUBLICATION, DISTRIBUTION, ETC. (IMPRINT)
Place of publication, distribution, etc New York :
Name of publisher, distributor, etc McGraw-Hill Book Company, INC.,
Date of publication, distribution, etc [1963]
264 #4 - PUBLICATION, DISTRIBUTION, ETC. (IMPRINT)
Date of publication, distribution, etc c1963
300 ## - PHYSICAL DESCRIPTION
Extent xiii, 432 pages :
Other physical details illustrations ;
Dimensions 24 cm
336 ## - CONTENT TYPE
Source rdacontent
Content type term text
Content type code txt
337 ## - MEDIA TYPE
Media type term unmediated
Source rdamedia
Media type code n
338 ## - CARRIER TYPE
Carrier type term volume
Carrier type code nc
Source rdacarrier
500 ## - GENERAL NOTE
General note "First published in the German language under title: Technische Hydro- und Aeromechanik."
504 ## - BIBLIOGRAPHY, ETC. NOTE
Bibliography, etc Includes bibliographical references and index.<br/>
546 ## - LANGUAGE NOTE
Language note Text in English ; translated from the original Germany language.<br/>
650 #7 - SUBJECT ADDED ENTRY--TOPICAL TERM
Topical term or geographic name as entry element Fluid mechanics.
9 (RLIN) 6450
Source of heading or term BUEsh
650 #7 - SUBJECT ADDED ENTRY--TOPICAL TERM
Topical term or geographic name as entry element Aerodynamics.
9 (RLIN) 6451
Source of heading or term BUEsh
655 ## - INDEX TERM--GENRE/FORM
Form subdivision Reading book
700 1# - ADDED ENTRY--PERSONAL NAME
Personal name Chilton, Ernest G.,
Relator term translator.
942 ## - ADDED ENTRY ELEMENTS (KOHA)
Source of classification or shelving scheme Dewey Decimal Classification
Koha item type Book - Borrowing
Holdings
Withdrawn status Lost status Source of classification or shelving scheme Damaged status Not for loan Collection code Home library Current library Shelving location Date acquired Source of acquisition Cost, normal purchase price Total Checkouts Full call number Barcode Date last seen Date checked out Price effective from Koha item type
    Dewey Decimal Classification     Alef-Baa Central Library Central Library First floor 18/06/2009   150.00 2 532 KAU 000016828 15/07/2025 30/11/2019 18/06/2009 Book - Borrowing